| 000 | 01987nam0a2200325 i 4500 | ||
|---|---|---|---|
| 001 | RU\NLR\BIBL_A\010856113 | ||
| 005 | 20260408122340.0 | ||
| 010 |
_a9785990247291 _9150 |
||
| 035 | _a(NLR Aleph) 010856113 | ||
| 090 |
_a10397352 _c10397352 |
||
| 100 | _a20151006d2011 km y0rusy50 ca | ||
| 101 | 0 | _arus | |
| 102 | _aRU | ||
| 105 | _ac|||z|||100yy | ||
| 200 | 1 |
_aСамоорганизация и самоуправление населения в России: исторический опыт и современные проблемы. Местное самоуправление _e[тексты докладов чтений и стенограмма их обсуждения] _fПрямухинские чтения 2009 года, [с. Прямухино, 24-25 июня 2008 г.] |
|
| 210 |
_aМосква _cФутурис _d2011 |
||
| 215 |
_a304 с. _cпортр. _d21 |
||
| 300 | _aОписано по 3-й с. На тит. л. и обл. только коллектив, ответственный за издание | ||
| 300 | _aПосвящается памяти А.Э. Бабуровой и С.Ю. Маркелова | ||
| 320 | _aБиблиогр. в подстроч. примеч. | ||
| 327 | 1 | _aВ прил. опубл. некоторые работы А. Бабуровой и А.Г. Корнилова | |
| 606 | 1 |
_aАнархизм _jСъезды, совещания и т.п _xИстория _9963881 _3RU\NLR\AUTH\6641500 |
|
| 686 | 1 | _aТ3(0)0-4я431 | |
| 702 | 1 |
_aБабурова _bА.Э. _f-2009 _gАнастасия Эдуардовна _4570 |
|
| 702 | 1 |
_aМаркелов _bС.Ю. _f-2009 _gСтанислав Юрьевич _4570 |
|
| 711 | 1 | 2 |
_aПрямухинские чтения _f2009 _eТверская обл. _3RU\NLR\AUTH\880410104 _9485963 |
| 942 | _cBOOK | ||
| 980 | _aNBR | ||